Arabic Primer, Mubadi Al Arabiytah (Record no. 6323)

MARC details
000 -LEADER
fixed length control field 00613nam a2200241 a 4500
020 ## - INTERNATIONAL STANDARD BOOK NUMBER
ISBN
082 00 - DEWEY DECIMAL CLASSIFICATION NUMBER
Classification number 492.78
Author Cutter ZIA
100 ## - MAIN ENTRY--AUTHOR NAME
Author name Ziadeh, Farhath
245 ## - TITLE STATEMENT
Title Arabic Primer, Mubadi Al Arabiytah
260 ## - PUBLICATION, DISTRIBUTION, ETC. (IMPRINT)
Place of publication Princeton
Name of publisher Princeton University Press
Year of publication 1949
300 ## - PHYSICAL DESCRIPTION
Number of Pages 47p
500 ## - GENERAL NOTE
General note includes index and biblioraphy
505 2# - FORMATTED CONTENTS NOTE
Formatted contents note Index to preface, notes
650 ## - SUBJECT ADDED ENTRY--TOPICAL TERM
Topical Term Arabic-Course Book
942 ## - ADDED ENTRY ELEMENTS (KOHA)
Koha item type Books
700 1# -
-- Ziadeh, Farhath
Holdings
Collection code Home library Current library Date acquired Cost, normal purchase price Full call number Accession Number Koha item type
  Henry Martyn Institute Library Henry Martyn Institute Library 06/08/2007 100.00 492.78 ZIA 012082 Books
                   Copyright © 2026 | Henry Martyn Institute | Hyderabad | TS-500052 | INDIA | Implemented by hmi.edu.in
Hit-Count:

Powered by Koha